Význam neuroekonómie pre finančné a investičné rozhodnutia
Možnosti, ktoré neuroveda prináša pre ekonómiu a aké závery majú dôležité implikácie pre finančné a investičné rozhodnutia, ktoré vieme z tejto oblasti čerpať. Rozhodnutia vyplývajúce z nášho presvedčenia, logiky, či názoru. Skúmanie prepojiteľné s doterajšou ekonomickou teóriou.
Gespeichert in:
| 1. Verfasser: | |
|---|---|
| Format: | Buchkapitel |
| Sprache: | Slowakisch |
| Schlagworte: | |
| Tags: |
Keine Tags, Fügen Sie das erste Tag hinzu!
|
MARC
| LEADER | 00000nla a2200000 4500 | ||
|---|---|---|---|
| 001 | 0167985 | ||
| 005 | 20240502072929.0 | ||
| 041 | 0 | |a slo | |
| 044 | |a SK | ||
| 245 | 1 | 0 | |a Význam neuroekonómie pre finančné a investičné rozhodnutia |c Kamil Adamík |
| 520 | |a Možnosti, ktoré neuroveda prináša pre ekonómiu a aké závery majú dôležité implikácie pre finančné a investičné rozhodnutia, ktoré vieme z tejto oblasti čerpať. Rozhodnutia vyplývajúce z nášho presvedčenia, logiky, či názoru. Skúmanie prepojiteľné s doterajšou ekonomickou teóriou. | ||
| 610 | 2 | 0 | |a psychológia ekonomická |
| 610 | 2 | 0 | |a ekonómia behaviorálna |
| 610 | 2 | 0 | |a rozhodovanie |
| 610 | 2 | 0 | |a racionalita |
| 610 | 2 | 0 | |a správanie |
| 610 | 2 | 0 | |a neuromarketing |
| 610 | 2 | 0 | |a psychológia |
| 100 | 1 | |a Adamík, Kamil | |